000 01777cam a2200313 i 4500
999 _c7805
_d7805
001 7805
003 BD-JhCC
005 20180214105850.0
008 810115s1980 enk b 001 0 eng
020 _a085323194X :
_c£12.00
035 _a(BD-JhCC)7805
040 _aDLC
_cDLC
_dDLC
_dBD-JhCC
041 _aeng
050 0 0 _aPR3330.A9
_bP5 1980b
082 0 0 _a828/.407
_219
_bTHE 1980
245 0 4 _aThe Pilgrim's progress :
_bcritical and historical views /
_cedited by Vincent Newey.
260 _aLiverpool :
_bLiverpool University Press,
_c1980.
300 _axiii, 302 p. ;
_c22 cm.
440 0 _aLiverpool English texts and studies
504 _aIncludes bibliographical references and index.
505 0 _aKeeble, N.H. Christiana's key: the unity of the Pilgrim's progress.--Newey, V. Bunyan and the confines of the mind.--Sharrock, R. Life and story in The Pilgrim's progress.--Seed, D. Dialogue and debate in The The Pilgrim's progress.--Turner, J. Bunyan's sense of place.--Edwards, P. The journey in The Pilgrim's progress.--Hammond, B. The Pilgrim's progress: satire and social comment.--Nellist, B. The Pilgrim's progress and allegory.--Mills, D. The dreams of Bunyan and Langland.--Davis, N. The problem and misfortune in The Pilgrim's progress.--Shrimpton, N. Bunyan's military metaphor.--Newman, S. J. Bunyan's solidness.--Campbell, G. The theology of The Pilgrim's progress.--Beatty, B. Rival fables: The Pilgrim's progress and Dryden's The hind and the panther.
600 1 0 _aBunyan, John,
_d1628-1688.
_tPilgrim's progress.
650 0 0 _aChristian pilgrims and pilgrimages in literature.
650 0 0 _aPuritan movements in literature.
650 0 0 _aChristian life in literature.
700 1 _aNewey, Vincent.
942 _2ddc
_cBK